| 000 -LEADER |
| fixed length control field |
02103cam a2200469 a 4500 |
| 001 - CONTROL NUMBER |
| control field |
13682494 |
| 003 - CONTROL NUMBER IDENTIFIER |
| control field |
NUST |
| 005 - DATE AND TIME OF LATEST TRANSACTION |
| control field |
20191120120226.0 |
| 008 - FIXED-LENGTH DATA ELEMENTS--GENERAL INFORMATION |
| fixed length control field |
040517s1998 uy a 000 0 spa d |
| 010 ## - LIBRARY OF CONGRESS CONTROL NUMBER |
| LC control number |
2004340102 |
| 020 ## - INTERNATIONAL STANDARD BOOK NUMBER |
| International Standard Book Number |
9974754135 |
| 035 ## - SYSTEM CONTROL NUMBER |
| System control number |
(DLCov) 2004340102 |
| 035 ## - SYSTEM CONTROL NUMBER |
| System control number |
(OCoLC)ocm42023710 |
| 038 ## - RECORD CONTENT LICENSOR |
| Staff Name |
waseem |
| 040 ## - CATALOGING SOURCE |
| Original cataloging agency |
FUG |
| Transcribing agency |
FUG |
| Modifying agency |
DLC |
| 041 0# - LANGUAGE CODE |
| Language code of text/sound track or separate title |
spa |
| -- |
eng |
| 042 ## - AUTHENTICATION CODE |
| Authentication code |
lccopycat |
| 043 ## - GEOGRAPHIC AREA CODE |
| Geographic area code |
s-uy--- |
| 050 00 - LIBRARY OF CONGRESS CALL NUMBER |
| Classification number |
NA4415.U82 |
| Item number |
M6635 1998 |
| 082 ## - DEWEY DECIMAL CLASSIFICATION NUMBER |
| Classification number |
720 |
| Author Mark |
CAR |
| 100 1# - MAIN ENTRY--PERSONAL NAME |
| Personal name |
Carbajal, Miguel. |
| 9 (RLIN) |
25923 |
| 245 10 - TITLE STATEMENT |
| Title |
Palacio Legislativo : |
| Remainder of title |
la estética democrática / |
| Statement of responsibility, etc. |
Miguel Carbajal, investigación y textos ; Héctor Testoni, Julio Testoni, fotografía ; Pablo Marks, asesor de producción = Palacio Legislativo : aesthetics and democracy / Miguel Carbajal, research and texts ; Héctor Testoni, Julio Testoni, photos ; Pablo Marks, production advisor. |
| 246 31 - VARYING FORM OF TITLE |
| Title proper/short title |
Palacio Legislativo : aesthetics and democracy |
| 250 ## - EDITION STATEMENT |
| Edition statement |
1a. ed. |
| 260 ## - PUBLICATION, DISTRIBUTION, ETC. |
| Place of publication, distribution, etc. |
Montevideo, Uruguay : |
| Name of publisher, distributor, etc. |
Testoni Studios : |
| -- |
Galería Latina, |
| Date of publication, distribution, etc. |
[1998] |
| 300 ## - PHYSICAL DESCRIPTION |
| Extent |
197 p. : |
| Other physical details |
ill. (chiefly col.) ; |
| Dimensions |
34 cm. |
| 500 ## - GENERAL NOTE |
| General note |
"Hugo Batalla. Las razones de una desigualdad = Reasons for a singularity ; Hugo Fernández Faingold. Homenaje a Hugo Batalla Parentino = Homage to Hugo Batalla parentino ; Jaime Trobo. La gran expresión ciudadana = The expression of the people." |
| 546 ## - LANGUAGE NOTE |
| Language note |
Spanish and English. |
| 610 20 - SUBJECT ADDED ENTRY--CORPORATE NAME |
| Corporate name or jurisdiction name as entry element |
Palacio Legislativo (Montevideo, Uruguay) |
| 9 (RLIN) |
25924 |
| 650 #0 - SUBJECT ADDED ENTRY--TOPICAL TERM |
| Topical term or geographic name entry element |
Public buildings |
| Geographic subdivision |
Uruguay |
| -- |
Montevideo. |
| 9 (RLIN) |
25925 |
| 650 #0 - SUBJECT ADDED ENTRY--TOPICAL TERM |
| Topical term or geographic name entry element |
Public art |
| Geographic subdivision |
Uruguay |
| -- |
Montevideo. |
| 9 (RLIN) |
25926 |
| 650 #0 - SUBJECT ADDED ENTRY--TOPICAL TERM |
| Topical term or geographic name entry element |
Architecture |
| Geographic subdivision |
Uruguay |
| -- |
Montevideo |
| General subdivision |
History |
| Chronological subdivision |
20th century. |
| 9 (RLIN) |
25927 |
| 651 #0 - SUBJECT ADDED ENTRY--GEOGRAPHIC NAME |
| Geographic name |
Montevideo (Uruguay) |
| General subdivision |
Buildings, structures, etc. |
| 9 (RLIN) |
25928 |
| 700 1# - ADDED ENTRY--PERSONAL NAME |
| Personal name |
Testoni, Héctor. |
| 9 (RLIN) |
25697 |
| 700 1# - ADDED ENTRY--PERSONAL NAME |
| Personal name |
Testoni, Julio. |
| 9 (RLIN) |
25698 |
| 700 1# - ADDED ENTRY--PERSONAL NAME |
| Personal name |
Batalla, Hugo. |
| 9 (RLIN) |
25929 |
| 700 1# - ADDED ENTRY--PERSONAL NAME |
| Personal name |
Fernández Faingold, Hugo. |
| 9 (RLIN) |
25930 |
| 700 1# - ADDED ENTRY--PERSONAL NAME |
| Personal name |
Trobo, Jaime. |
| 9 (RLIN) |
25931 |
| 906 ## - LOCAL DATA ELEMENT F, LDF (RLIN) |
| a |
7 |
| b |
cbc |
| c |
copycat |
| d |
3 |
| e |
ncip |
| f |
20 |
| g |
y-gencatlg |
| 942 ## - ADDED ENTRY ELEMENTS (KOHA) |
| Source of classification or shelving scheme |
|
| Koha item type |
Book |